L'Italie de A à Z - Statistiques

Statistiques générales
  • Ce quiz a été pris 71 fois
  • Le résultat moyen est 15 sur 22
Statistiques - réponses
% Correct
B Ville originaire de la sauce bolognaise Bologne
100%
F Pays voisin de l'Italie France
99%
R Capitale du pays Rome
96%
V Ville connue pour ses maisons sur l'eau Venise
96%
N Ville dans laquelle Maradona à jouer durant une partie de sa carrière Naples
93%
Q Nombre de pays frontaliers au nord Quatre
93%
E Volcan Sicilien Etna
90%
J Homme politique et dictateur à l'Antiquité le plus connu Jules César
88%
S Plus grande ile d'Italie Sicile
87%
C Ville du Nord donnant son nom à un lac Côme
85%
P Plat typique italien de forme ronde Pizza
81%
T Dessert de la ville de Trévise Tiramisu
81%
M Lieu de La Scala Milan
67%
L Animal national de l'Italie Loup / Loup gris des Apennins
64%
U Capitale de la Région du Frioul Udine
55%
I Mer situé au sud de l'Italie Ionienne
43%
G Spécialité dite parfois " à l'italienne " Glace
40%
A Chaine de montagne du Centre du Pays Apennins
39%
D Meilleur buteur de l'histoire de la Juventus et grand footballeur italien Del Piero
34%
O Région dans laquelle se trouve les villes de Pérouse et Terni Ombrie
28%
K Nom du K en italien Kappa
21%
Z "Marié" en italien Zita
0%
Aucun quiz correspondant
Distribution des résultats
% des personnes avec chaque résultat
Percentile par nombre de réponses
Votre historique - résultats
Vous n’avez pas pris ce quiz